LIBRARY & INFORMATION CENTRE, KCAET, TAVANUR

ONLINE PUBLIC ACCESS CATALOGUE (OPAC)

Electricity supply meters / (Record no. 9360)

MARC details
000 -LEADER
fixed length control field 00362cam a2200145ua 4500
003 - CONTROL NUMBER IDENTIFIER
control field OSt
008 - FIXED-LENGTH DATA ELEMENTS--GENERAL INFORMATION
fixed length control field 250104b |||||||| |||| 00| 0 eng d
041 ## - LANGUAGE CODE
Language code of text/sound track or separate title eng
082 ## - DEWEY DECIMAL CLASSIFICATION NUMBER
Classification number 621.3745
Item number PER/EL
100 ## - MAIN ENTRY--AUTHOR NAME
Personal name Perrigon, A E B .
245 ## - TITLE STATEMENT
Title Electricity supply meters /
260 ## - PUBLICATION, DISTRIBUTION, ETC. (IMPRINT)
Place of publication London :
Name of publisher Chapman and Hall Ltd ,
Year of publication 1947.
300 ## - PHYSICAL DESCRIPTION
Number of Pages 355 ; .
942 ## - ADDED ENTRY ELEMENTS (KOHA)
Koha item type Books
Holdings
Withdrawn status Lost status Damaged status Home library Current library Date acquired Full call number Accession Number Koha item type
      KAUAET KAUAET 07/04/2012 621.3745 PER/EL 7953 Books
free website counter